=LDR 00000nam 2200000 4500 =001 INLIS000000000018143 =005 20130612113327 =008 ***********************************Ind** =035 ##$$0010-061300000018143 =041 ##$$a Ind =082 ##$$a 636.5 =090 ##$$a 636.5, Pri m =100 ##$$a Priyanto, Mertono =245 ##$$a Membuat kandang ayam, Martono A. Priyanto =260 ##$$a 1992 $b Jakarta =300 ##$$a vi, 58 hlm, ilus, 20 cm =650 ##$$a Ayam =850 ##$$a NBPNMAT